[Event "17. Torneo San Viator 2011"]
[Site "Madrid ESP"]
[Date "2011.10.23"]
[Round "7.15"]
[White "Plazuelo Pascual, Juan"]
[Black "Del Castillo Lopez, Rafael"]
[Result "1-0"]
[WhiteElo "1610"]
[BlackElo "1757"]
[PlyCount "103"]
[EventDate "2011.09.25"]
[EventType "swiss"]
[EventRounds "9"]
[EventCountry "ESP"]
[Source "lmi"]
[SourceDate "2011.09.25"]

1. e4 c5 2. Nf3 d6 3. d4 cxd4 4. Nxd4 Nf6 5. Nc3 g6 6. Be3 Bg7 7. f3 Nc6 8. Qd2
Bd7 9. Bc4 Nxd4 10. Bxd4 Bc6 11. O-O-O O-O 12. h4 Qa5 13. g4 h5 14. gxh5 Qxh5
15. Rdg1 Bh6 16. Be3 Bxe3 17. Qxe3 Kg7 18. Rg5 Qh6 19. f4 Nh7 20. Rg4 Bd7 21.
Rg3 e5 22. fxe5 Qxe3+ 23. Rxe3 dxe5 24. Rf1 Bc6 25. Ref3 f6 26. Nd5 Bxd5 27.
Bxd5 Rab8 28. Rc3 Rfc8 29. Rxc8 Rxc8 30. Bxb7 Rc7 31. Bd5 g5 32. hxg5 Nxg5 33.
b4 Rc3 34. Kd2 Ra3 35. c3 Nh3 36. Bc4 Nf4 37. Kc2 a5 38. b5 Ra4 39. Kb3 Rxc4
40. Kxc4 Ne6 41. Kd5 Kf7 42. b6 Nd8 43. Kd6 Nb7+ 44. Kc7 Nc5 45. b7 Nxb7 46.
Kxb7 Ke6 47. Kb6 a4 48. c4 a3 49. Rd1 f5 50. exf5+ Kxf5 51. c5 Kf4 52. c6 1-0

[Event "17. Torneo San Viator 2011"]
[Site "Madrid ESP"]
[Date "2011.10.23"]
[Round "7.16"]
[White "Garcia Alonso, David"]
[Black "Rodriguez Varela, Alvaro"]
[Result "0-1"]
[WhiteElo "1549"]
[BlackElo "1753"]
[PlyCount "70"]
[EventDate "2011.09.25"]
[EventType "swiss"]
[EventRounds "9"]
[EventCountry "ESP"]
[Source "lmi"]
[SourceDate "2011.09.25"]

1. e4 e5 2. Nf3 Nc6 3. Bb5 a6 4. Ba4 Nf6 5. O-O Nxe4 6. d4 b5 7. Bb3 d5 8. dxe5
Be6 9. c3 Bc5 10. Bc2 O-O 11. Bf4 h6 12. Nbd2 Bf5 13. Nxe4 Bxe4 14. Re1 Bxc2
15. Qxc2 Qe7 16. Rad1 Qe6 17. Nd4 Nxd4 18. cxd4 Bb6 19. Re3 g5 20. Bg3 c6 21.
h3 Rac8 22. b4 a5 23. a3 axb4 24. axb4 Ra8 25. f4 f5 26. fxg5 f4 27. Rc3 fxg3
28. Rxc6 Bxd4+ 29. Rxd4 Ra1+ 30. Rd1 Rxd1+ 31. Qxd1 Qxc6 32. gxh6 Qb6+ 33. Kh1
Qxh6 34. Qg4+ Qg7 35. Qe6+ Kh8 0-1

[Event "17. Torneo San Viator 2011"]
[Site "Madrid ESP"]
[Date "2011.10.23"]
[Round "7.18"]
[White "Zhynguel Ramirez De Verger, Alek"]
[Black "Pindado Del Carmen, Eliseo"]
[Result "1/2-1/2"]
[WhiteElo "1516"]
[BlackElo "1655"]
[PlyCount "73"]
[EventDate "2011.09.25"]
[EventType "swiss"]
[EventRounds "9"]
[EventCountry "ESP"]
[Source "lmi"]
[SourceDate "2011.09.25"]

1. d4 Nf6 2. Bf4 d5 3. e3 e6 4. Nf3 Nbd7 5. Nbd2 c5 6. c3 Qb6 7. Rb1 a6 8. Be2
Be7 9. O-O Qc6 10. h3 Ne4 11. Nxe4 dxe4 12. Nd2 f5 13. Nc4 b5 14. Ne5 Nxe5 15.
Bxe5 O-O 16. f3 Bb7 17. Rc1 Rad8 18. Qc2 Bg5 19. f4 Bf6 20. Bxf6 Rxf6 21. b4 c4
22. Ra1 Qe8 23. a4 Bc6 24. axb5 Bxb5 25. Qa2 Rc8 26. Qa5 Qg6 27. Kh2 h5 28. g3
Qe8 29. Rad1 g6 30. g4 hxg4 31. hxg4 Rf7 32. g5 Rcc7 33. Kg3 Rh7 34. Rh1 Rcg7
35. Qa1 Qd7 36. Rxh7 Rxh7 37. Rh1 1/2-1/2

[Event "17. Torneo San Viator 2011"]
[Site "Madrid ESP"]
[Date "2011.10.23"]
[Round "7.19"]
[White "Soto Martin, Pablo"]
[Black "Soto Martin, Miguel"]
[Result "1-0"]
[WhiteElo "1641"]
[BlackElo "1411"]
[PlyCount "57"]
[EventDate "2011.09.25"]
[EventType "swiss"]
[EventRounds "9"]
[EventCountry "ESP"]
[Source "lmi"]
[SourceDate "2011.09.25"]

1. e4 e5 2. Nf3 Nc6 3. Bc4 Bc5 4. c3 Nf6 5. d3 d6 6. Bb3 Bg4 7. h3 Bh5 8. Bg5
O-O 9. Nbd2 Bg6 10. O-O h6 11. Bh4 Bh5 12. Bc2 g5 13. Bg3 Bg6 14. h4 g4 15. Nh2
Qd7 16. Nb3 Bb6 17. Qd2 Kh7 18. Rad1 Rad8 19. Rfe1 d5 20. exd5 Nxd5 21. Bxe5
Nxe5 22. Rxe5 g3 23. Nf3 gxf2+ 24. Kf1 Bh5 25. d4+ Kh8 26. Rxh5 Qe6 27. Rxh6+
Qxh6 28. Qxh6+ Kg8 29. Qh7# 1-0

[Event "17. Torneo San Viator 2011"]
[Site "Madrid ESP"]
[Date "2011.10.23"]
[Round "7.21"]
[White "Murillo Castillejo, Juan"]
[Black "Rodriguez Alonso, Marcos"]
[Result "0-1"]
[WhiteElo "1514"]
[BlackElo "1540"]
[PlyCount "105"]
[EventDate "2011.09.25"]
[EventType "swiss"]
[EventRounds "9"]
[EventCountry "ESP"]
[Source "lmi"]
[SourceDate "2011.09.25"]

1. e4 e5 2. Nf3 Nc6 3. d4 exd4 4. Nxd4 Bc5 5. Nxc6 Qf6 6. Qd2 dxc6 7. Bd3 Ne7
8. O-O O-O 9. Qf4 Qxf4 10. Bxf4 Bb6 11. Nd2 Ng6 12. Bg3 f5 13. exf5 Bxf5 14.
Bxf5 Rxf5 15. Rfe1 Raf8 16. Re2 h5 17. h4 Nf4 18. Bxf4 Rxf4 19. Rf1 Rxh4 20. g3
Rg4 21. Kg2 Rg5 22. Nf3 Rgf5 23. Nd2 g5 24. f3 h4 25. g4 R5f7 26. Re5 Rg7 27.
Ne4 Be3 28. Nc5 Bd4 29. Rf5 Rxf5 30. Ne6 Rff7 31. Nxd4 Rg6 32. Nf5 Rd7 33. Rf2
Rf6 34. f4 gxf4 35. Rxf4 Rg6 36. Nxh4 Rg5 37. Kg3 Rd2 38. Rc4 c5 39. Nf3 Rdd5
40. Nxg5 Rxg5 41. Rf4 Rd5 42. Rf5 c6 43. Rxd5 cxd5 44. Kf4 Kf7 45. Ke5 d4 46.
g5 Kg6 47. Kd6 c4 48. Kd5 d3 49. cxd3 cxd3 50. b4 d2 51. Kd6 d1=Q+ 52. Kc7 Qd5
53. Kb8 0-1

[Event "17. Torneo San Viator 2011"]
[Site "Madrid ESP"]
[Date "2011.10.23"]
[Round "7.22"]
[White "Perez Mondejar, Adler"]
[Black "Salgado Duarte, Pablo"]
[Result "1-0"]
[WhiteElo "1398"]
[BlackElo "1484"]
[PlyCount "80"]
[EventDate "2011.09.25"]
[EventType "swiss"]
[EventRounds "9"]
[EventCountry "ESP"]
[Source "lmi"]
[SourceDate "2011.09.25"]

1. e4 e5 2. Nf3 d6 3. d4 exd4 4. Nxd4 Nf6 5. Nc3 Be7 6. Bd3 O-O 7. O-O Bd7 8.
Bf4 Nc6 9. Bc4 a6 10. h4 b5 11. Bd3 Nxd4 12. e5 dxe5 13. Bxe5 Nc6 14. Bxf6 Bxf6
15. h5 Bxc3 16. bxc3 Ne5 17. Be4 Rb8 18. Re1 Ng4 19. Qf3 Nf6 20. h6 g6 21. Rad1
Rb6 22. Rb1 Nxe4 23. Qxe4 Bf5 24. Qe5 f6 25. Qe2 Re6 26. Qf3 Rfe8 27. Rxe6 Rxe6
28. Rd1 Qe8 29. Kh2 Bxc2 30. Rc1 Be4 31. Qg3 Re5 32. c4 Rg5 33. Qxc7 Rh5+ 34.
Kg1 Rxh6 35. cxb5 axb5 36. Rd1 Rh1+ 37. Kxh1 Bxg2+ 38. Kh2 Bc6 39. Rd8 Kf8 40.
Rxe8+ Bxe8 1-0

[Event "17. Torneo San Viator 2011"]
[Site "Madrid ESP"]
[Date "2011.10.23"]
[Round "7.25"]
[White "Garcia-Ines Sanchez, Gustavo"]
[Black "Cortijo Manso, Luis"]
[Result "0-1"]
[WhiteElo "1633"]
[BlackElo "1538"]
[PlyCount "64"]
[EventDate "2011.09.25"]
[EventType "swiss"]
[EventRounds "9"]
[EventCountry "ESP"]
[Source "lmi"]
[SourceDate "2011.09.25"]

1. e4 c5 2. Nf3 d6 3. d4 Nf6 4. Nc3 cxd4 5. Nxd4 a6 6. Bc4 e6 7. Bg5 Be7 8. Qd2
Bd7 9. f3 Nc6 10. O-O-O Rc8 11. h4 b5 12. Ndxb5 axb5 13. Nxb5 O-O 14. Nxd6 Bxd6
15. Qxd6 Be8 16. Bf4 Qa5 17. Bd2 Qa7 18. Bc3 Na5 19. Bb4 Bd7 20. Bxa5 Rxc4 21.
b3 Rcc8 22. Qb6 Qa8 23. Kb2 Rb8 24. Qc7 Rfc8 25. Rxd7 Nxd7 26. Qxd7 Qxa5 27.
Rd1 Rd8 28. Qa4 Qe5+ 29. c3 Rxd1 30. Kc2 Rdd8 31. Kb2 Qd6 32. a3 Qd2+ 0-1

[Event "17. Torneo San Viator 2011"]
[Site "Madrid ESP"]
[Date "2011.10.23"]
[Round "7.26"]
[White "Jimenez Sanchez, Juan D"]
[Black "Ruiz Bazaga, Miriam"]
[Result "0-1"]
[WhiteElo "1469"]
[BlackElo "1624"]
[PlyCount "78"]
[EventDate "2011.09.25"]
[EventType "swiss"]
[EventRounds "9"]
[EventCountry "ESP"]
[Source "lmi"]
[SourceDate "2011.09.25"]

1. d4 Nf6 2. Nf3 g6 3. c4 d6 4. h3 Bg7 5. Nc3 O-O 6. e4 Nbd7 7. Bg5 c5 8. d5
Qa5 9. Bd2 a6 10. Bd3 Qd8 11. O-O Ne5 12. Bf4 Nxd3 13. Qxd3 Bd7 14. Qd2 b5 15.
Bh6 b4 16. Bxg7 Kxg7 17. Ne2 Nxe4 18. Qf4 Nf6 19. Ng3 e5 20. dxe6 Bxe6 21. Ng5
h6 22. Nxe6+ fxe6 23. b3 Nh5 24. Nxh5+ gxh5 25. Qg3+ Kh8 26. Qg6 Qf6 27. Qxh5
Rg8 28. Rae1 Rg5 29. Qe2 Rag8 30. g4 e5 31. f3 Qf4 32. Qg2 h5 33. Re4 Qf6 34.
Qh2 Qg6 35. h4 Rf5 36. Kh1 Rxf3 37. Rfe1 hxg4 38. Qd2 g3 39. Kg2 Rf2+ 0-1

[Event "17. Torneo San Viator 2011"]
[Site "Madrid ESP"]
[Date "2011.10.23"]
[Round "7.27"]
[White "Pujo Velez, David"]
[Black "Brasa Olmos, Joaquin"]
[Result "1-0"]
[WhiteElo "1306"]
[BlackElo "1583"]
[PlyCount "92"]
[EventDate "2011.09.25"]
[EventType "swiss"]
[EventRounds "9"]
[EventCountry "ESP"]
[Source "lmi"]
[SourceDate "2011.09.25"]

1. e4 e5 2. Nf3 Nf6 3. Nxe5 d6 4. Nf3 Nxe4 5. Bc4 d5 6. Qe2 Bf5 7. Bb5+ c6 8.
Ba4 Bc5 9. d3 Bxf2+ 10. Kf1 Bb6 11. dxe4 Bxe4 12. Nc3 O-O 13. Nxe4 dxe4 14.
Qxe4 Re8 15. Qd3 Qf6 16. Bd2 Na6 17. Bb3 Rad8 18. Qc3 Bd4 19. Qc4 b5 20. Bg5
Qf5 21. Qd3 Qxd3+ 22. cxd3 Bxb2 23. Rb1 Bf6 24. Bxf6 gxf6 25. Rc1 Nb4 26. Rc3
Re3 27. Kf2 Rde8 28. Re1 Nxd3+ 29. Rxd3 Rxd3 30. Rxe8+ Kg7 31. Re7 c5 32. Rxf7+
Kg6 33. Bc2 Kxf7 34. Bxd3 c4 35. Bxc4+ bxc4 36. Ke3 Ke6 37. Kd4 h5 38. Kxc4 Kf5
39. Kd4 Kf4 40. Kd3 Kg4 41. Ke4 f5+ 42. Ke5 f4 43. a4 a5 44. Ke4 h4 45. Nxh4
Kxh4 46. Kxf4 Kh5 1-0

[Event "17. Torneo San Viator 2011"]
[Site "Madrid ESP"]
[Date "2011.11.06"]
[Round "8.1"]
[White "Cano Cabanillas, Javier"]
[Black "Rosa Ramirez, Victor D"]
[Result "1-0"]
[WhiteElo "1948"]
[BlackElo "1952"]
[PlyCount "73"]
[EventDate "2011.09.25"]
[EventType "swiss"]
[EventRounds "9"]
[EventCountry "ESP"]
[Source "lmi"]
[SourceDate "2011.09.25"]

1. d4 Nf6 2. c4 e5 3. dxe5 Ng4 4. Bf4 Nc6 5. Nf3 Bb4+ 6. Nbd2 f6 7. exf6 Qxf6
8. g3 O-O 9. Bg2 Qxb2 10. O-O d6 11. Nb3 Be6 12. Ng5 Nd8 13. Nxe6 Nxe6 14. Bd5
Qf6 15. Nd4 Rae8 16. Nxe6 Rxe6 17. Bxe6+ Qxe6 18. Qd5 Qxd5 19. cxd5 Bc5 20. Kg2
Re8 21. Rab1 b6 22. f3 Rxe2+ 23. Kh3 Nf2+ 24. Kh4 h6 25. Rbe1 Rxa2 26. Re7 Nd3
27. Rxc7 Rxh2+ 28. Kg4 g6 29. Rxa7 Nf2+ 30. Rxf2 Rxf2 31. Bxh6 Bd4 32. f4 Rg2
33. Bg5 b5 34. Rb7 Rb2 35. Be7 Bc5 36. Kg5 Rg2 37. Kxg6 1-0

[Event "17. Torneo San Viator 2011"]
[Site "Madrid ESP"]
[Date "2011.11.06"]
[Round "8.2"]
[White "Cabanas Bravo, Juan Andres"]
[Black "Cabanas Jimenez, Andres"]
[Result "0-1"]
[WhiteElo "2065"]
[BlackElo "2229"]
[PlyCount "50"]
[EventDate "2011.09.25"]
[EventType "swiss"]
[EventRounds "9"]
[EventCountry "ESP"]
[Source "lmi"]
[SourceDate "2011.09.25"]

1. d4 d5 2. c4 c6 3. Nf3 Nf6 4. g3 g6 5. Bg2 Bg7 6. O-O dxc4 7. Nc3 Nbd7 8. Bf4
Nd5 9. Nxd5 cxd5 10. e4 O-O 11. exd5 Nb6 12. d6 exd6 13. Qd2 Bf5 14. Qb4 Bd3
15. Bxd6 Bxf1 16. Rxf1 a5 17. Qc5 Na4 18. Qa3 b5 19. Bxf8 Bxf8 20. Qe3 Ra6 21.
Ne5 Rd6 22. Nc6 Qc7 23. d5 Nb6 24. Nxa5 Nxd5 25. Qd2 c3 0-1

[Event "17. Torneo San Viator 2011"]
[Site "Madrid ESP"]
[Date "2011.11.06"]
[Round "8.3"]
[White "Ruiz Sanchez, Roberto"]
[Black "Pindado Campos, Raul"]
[Result "1-0"]
[WhiteElo "1965"]
[BlackElo "1830"]
[PlyCount "137"]
[EventDate "2011.09.25"]
[EventType "swiss"]
[EventRounds "9"]
[EventCountry "ESP"]
[Source "lmi"]
[SourceDate "2011.09.25"]

1. e4 e6 2. d4 d5 3. Nd2 Nf6 4. e5 Nfd7 5. Bd3 c5 6. c3 Nc6 7. Ne2 Be7 8. O-O
O-O 9. f4 Qb6 10. Nf3 f6 11. Kh1 cxd4 12. cxd4 f5 13. Rg1 h5 14. Qe1 Qd8 15.
Be3 Nb4 16. Bb1 Nb6 17. b3 Bd7 18. Bd2 a5 19. a3 Nc6 20. Bd3 a4 21. b4 Nc4 22.
Bc3 b5 23. Nc1 Na7 24. Bf1 Rc8 25. Nd3 Rc7 26. Nc5 Bxc5 27. dxc5 Nc6 28. Qf2
Qe7 29. Be2 g6 30. Rgd1 Nd8 31. Bxc4 dxc4 32. Rd2 Nc6 33. Rad1 Bc8 34. Qg3 Qe8
35. Rd6 Kg7 36. Ng5 Qe7 37. Be1 Nd8 38. Qc3 Nf7 39. Nf3 Kh7 40. Bh4 Qe8 41.
R6d2 Bb7 42. Ng5+ Nxg5 43. Bxg5 Qc6 44. Qg3 Bc8 45. h3 Rd7 46. Rd6 Qb7 47. Qf3
Rxd6 48. Qxb7+ Bxb7 49. exd6 Bc6 50. d7 Bd5 51. d8=Q Rxd8 52. Bxd8 Kg7 53. Kg1
Kf7 54. Kf2 Ke8 55. Bf6 Kf7 56. Be5 Ke7 57. Rg1 Kf7 58. g4 hxg4 59. hxg4 fxg4
60. Rxg4 Be4 61. Ke3 Bd5 62. Rh4 Kg8 63. Rh8+ Kf7 64. Rb8 Bc6 65. Rb6 Be8 66.
c6 Ke7 67. Rb7+ Kd8 68. c7+ Kc8 69. Rb8+ 1-0

[Event "17. Torneo San Viator 2011"]
[Site "Madrid ESP"]
[Date "2011.11.06"]
[Round "8.4"]
[White "Cazorla Munoz, Francisco"]
[Black "Pardo Vaquero, Ignacio"]
[Result "1-0"]
[WhiteElo "1725"]
[BlackElo "1752"]
[PlyCount "109"]
[EventDate "2011.09.25"]
[EventType "swiss"]
[EventRounds "9"]
[EventCountry "ESP"]
[Source "lmi"]
[SourceDate "2011.09.25"]

1. e4 d5 2. exd5 Qxd5 3. Nc3 Qa5 4. Nf3 Nf6 5. Bc4 Bg4 6. O-O Nc6 7. h3 Bh5 8.
Bb5 Qb6 9. d4 O-O-O 10. Be3 e5 11. Bxc6 Qxc6 12. Nxe5 Qe6 13. g4 Bg6 14. f4 Be4
15. f5 Qe8 16. Nxe4 Nxe4 17. Qd3 Nc5 18. Qc4 Nd7 19. Bf4 Bd6 20. Rae1 Nb6 21.
Qxf7 Qa4 22. c4 Qxa2 23. c5 Qxb2 24. Qe6+ Kb8 25. cxd6 Rxd6 26. Nd7+ Rxd7 27.
Be5 Rhd8 28. f6 gxf6 29. Bxf6 Qc3 30. Re3 Qc4 31. Bxd8 Rxd8 32. Qxc4 Nxc4 33.
Re7 a5 34. Rff7 Rc8 35. Rxh7 b6 36. g5 a4 37. Re2 a3 38. g6 Nb2 39. Re1 Rg8 40.
g7 Kb7 41. Ra1 Nc4 42. Kf2 b5 43. Rg1 a2 44. Ra1 b4 45. Rxa2 b3 46. Ra1 b2 47.
Rb1 Kc6 48. Ke2 Kd5 49. Kd3 c6 50. Rh5+ Kd6 51. Kxc4 Rxg7 52. Rxb2 Rg1 53. Rb3
Rc1+ 54. Rc3 Ra1 55. h4 1-0

[Event "17. Torneo San Viator 2011"]
[Site "Madrid ESP"]
[Date "2011.11.06"]
[Round "8.6"]
[White "Ruiz Escobar, Israel"]
[Black "Perez Calahorra, Ricardo"]
[Result "1/2-1/2"]
[WhiteElo "1757"]
[BlackElo "2175"]
[PlyCount "99"]
[EventDate "2011.09.25"]
[EventType "swiss"]
[EventRounds "9"]
[EventCountry "ESP"]
[Source "lmi"]
[SourceDate "2011.09.25"]

1. d4 Nf6 2. Bf4 c5 3. e3 Nd5 4. Bg3 Qb6 5. b3 cxd4 6. Qxd4 Qxd4 7. exd4 e6 8.
a3 Nc6 9. Nf3 f5 10. Bc4 Nce7 11. Bd6 Nb6 12. Nc3 a6 13. O-O Ng6 14. Bc7 Nxc4
15. bxc4 b5 16. cxb5 axb5 17. Nxb5 Ra4 18. Bd6 Bxd6 19. Nxd6+ Ke7 20. Nxc8+
Rxc8 21. Rfc1 Nf4 22. Kf1 Rc3 23. Ne1 Rxd4 24. a4 Rcc4 25. a5 Nd5 26. a6 Nc7
27. c3 Rd6 28. a7 Na8 29. Rcb1 Kd8 30. Rb8+ Rc8 31. Rab1 Rdc6 32. R1b3 R6c7 33.
Ra3 d6 34. Nf3 Kd7 35. Nd4 g6 36. f4 e5 37. fxe5 dxe5 38. Nf3 e4 39. Nd4 Re8
40. Nb5 Rcc8 41. Rxc8 Rxc8 42. Ra6 Rc6 43. Ra4 Rc5 44. Rd4+ Kc6 45. c4 Kb7 46.
Rd7+ Kb6 47. Rd6+ Kb7 48. Rd7+ Ka6 49. Rd6+ Kb7 50. Rd4 1/2-1/2

[Event "17. Torneo San Viator 2011"]
[Site "Madrid ESP"]
[Date "2011.11.06"]
[Round "8.7"]
[White "Barahona Torrijos, Angel"]
[Black "Plazuelo Pascual, Juan"]
[Result "1-0"]
[WhiteElo "1902"]
[BlackElo "1610"]
[PlyCount "61"]
[EventDate "2011.09.25"]
[EventType "swiss"]
[EventRounds "9"]
[EventCountry "ESP"]
[Source "lmi"]
[SourceDate "2011.09.25"]

1. e4 c5 2. a3 g6 3. d4 cxd4 4. c3 dxc3 5. Nxc3 Nc6 6. Bc4 Bg7 7. Nf3 Nf6 8. e5
Ng4 9. Bxf7+ Kxf7 10. Ng5+ Kg8 11. Qxg4 Nxe5 12. Qd1 Qb6 13. O-O e6 14. Be3 Qa6
15. Nd5 Qa5 16. Ne7+ Kf8 17. b4 Qa6 18. Bc5 Ke8 19. Rc1 b6 20. Bd6 Bb7 21. Rc7
Rd8 22. b5 Qxb5 23. Rxb7 Bf6 24. Re1 Nd3 25. Nxe6 dxe6 26. Rxe6 Kf7 27. Nd5+
Rd7 28. Rxf6+ Kg7 29. Rxd7+ Qxd7 30. Qxd3 Re8 31. h4 1-0

[Event "17. Torneo San Viator 2011"]
[Site "Madrid ESP"]
[Date "2011.11.06"]
[Round "8.9"]
[White "Rodriguez Varela, Alvaro"]
[Black "Alonso Herrero, Ignacio"]
[Result "1/2-1/2"]
[WhiteElo "1753"]
[BlackElo "1812"]
[PlyCount "39"]
[EventDate "2011.09.25"]
[EventType "swiss"]
[EventRounds "9"]
[EventCountry "ESP"]
[Source "lmi"]
[SourceDate "2011.09.25"]

1. e4 Nc6 2. d4 d5 3. e5 Bf5 4. c3 e6 5. Nf3 a6 6. Bg5 Be7 7. Bxe7 Ngxe7 8. Bd3
h6 9. Bxf5 Nxf5 10. Nbd2 Na5 11. Qa4+ c6 12. O-O b5 13. Qc2 Nc4 14. Nb3 Qc7 15.
Nc5 Na5 16. Nd2 O-O 17. Ndb3 Nc4 18. Nd2 Na5 19. Ndb3 Nc4 20. Nd2 1/2-1/2

[Event "17. Torneo San Viator 2011"]
[Site "Madrid ESP"]
[Date "2011.11.06"]
[Round "8.10"]
[White "Tolosana Esteban, Enrique"]
[Black "Perez Perez, Elena"]
[Result "1-0"]
[WhiteElo "1806"]
[BlackElo "1630"]
[PlyCount "87"]
[EventDate "2011.09.25"]
[EventType "swiss"]
[EventRounds "9"]
[EventCountry "ESP"]
[Source "lmi"]
[SourceDate "2011.09.25"]

1. b3 e5 2. Bb2 Nc6 3. e3 d5 4. Bb5 e4 5. Bxc6+ bxc6 6. d3 Qg5 7. Kf1 Ba6 8. f4
Qg6 9. Kf2 exd3 10. c4 dxc4 11. Nf3 f6 12. Nbd2 Qf7 13. Rc1 cxb3 14. axb3 Ne7
15. Nd4 Bb7 16. Qf3 Rb8 17. e4 g6 18. Qxd3 Bh6 19. g3 O-O 20. Rc5 Rfd8 21. h4
Bf8 22. h5 Nc8 23. hxg6 hxg6 24. Rg5 c5 25. f5 cxd4 26. Rxg6+ Bg7 27. Rhh6 Ne7
28. Rg4 Ba8 29. Nc4 Bb7 30. e5 fxe5 31. f6 e4 32. Qe2 Nf5 33. Rhg6 e3+ 34. Ke1
d3 35. Qf1 d2+ 36. Kd1 Kf8 37. fxg7+ Ke7 38. Re4+ Kd7 39. g8=Q Rxg8 40. Ne5+
Ke7 41. Nxf7+ Kf8 42. Rxg8+ Kxg8 43. Qxf5 Bxe4 44. Nh6# 1-0

[Event "17. Torneo San Viator 2011"]
[Site "Madrid ESP"]
[Date "2011.11.06"]
[Round "8.12"]
[White "Castro Uceda, Jose A"]
[Black "Sarabia Lopez, Joaquin"]
[Result "1-0"]
[WhiteElo "1636"]
[BlackElo "1799"]
[PlyCount "107"]
[EventDate "2011.09.25"]
[EventType "swiss"]
[EventRounds "9"]
[EventCountry "ESP"]
[Source "lmi"]
[SourceDate "2011.09.25"]

1. d4 d5 2. c4 e6 3. Nc3 Nf6 4. Bg5 Be7 5. e3 O-O 6. Nf3 Nbd7 7. Bd3 c6 8. c5
b5 9. b4 Qc7 10. Bf4 Qd8 11. e4 dxe4 12. Nxe4 Nd5 13. Qd2 a5 14. bxa5 Nxf4 15.
Qxf4 Qxa5+ 16. Nfd2 Nf6 17. O-O Qd8 18. Nf3 Nd5 19. Qd2 h6 20. Bc2 f5 21. Nc3
Nb4 22. Bb3 Nd5 23. Rfe1 Bf6 24. Re2 Qc7 25. Ne5 Bg5 26. Nxd5 exd5 27. Qd3 f4
28. Rae1 Bf5 29. Qc3 Bf6 30. Bc2 Bxe5 31. Rxe5 b4 32. Qb2 Bxc2 33. Qxc2 Qa5 34.
Re7 Rf6 35. Re8+ Rxe8 36. Rxe8+ Kf7 37. Re5 Qa3 38. h3 f3 39. g3 Qc3 40. Qxc3
bxc3 41. Re3 c2 42. Rc3 Re6 43. Rxc2 Re2 44. Rc3 Rxa2 45. Rxf3+ Kg6 46. Rf4 Re2
47. h4 Re6 48. Kg2 Rf6 49. Kf3 h5 50. Rxf6+ Kxf6 51. Kf4 g6 52. f3 Kg7 53. Ke5
Kf7 54. Kd6 1-0

[Event "17. Torneo San Viator 2011"]
[Site "Madrid ESP"]
[Date "2011.11.06"]
[Round "8.13"]
[White "Lianes Garcia, Marcos"]
[Black "Garcia Velayos, Carlos E"]
[Result "0-1"]
[WhiteElo "1430"]
[BlackElo "1775"]
[PlyCount "72"]
[EventDate "2011.09.25"]
[EventType "swiss"]
[EventRounds "9"]
[EventCountry "ESP"]
[Source "lmi"]
[SourceDate "2011.09.25"]

1. e4 g6 2. d4 Bg7 3. Nf3 d6 4. Bc4 Nf6 5. Nc3 O-O 6. O-O c6 7. Bb3 h6 8. Be3
Nbd7 9. Qd2 Kh7 10. e5 dxe5 11. dxe5 Ng4 12. Bf4 Ngxe5 13. Nxe5 Nxe5 14. Qxd8
Rxd8 15. Rfe1 f6 16. Bxe5 fxe5 17. Ne4 Bf5 18. f3 Bxe4 19. fxe4 Rd4 20. Rad1
Rad8 21. Rxd4 exd4 22. Rd1 b5 23. a3 c5 24. Ba2 c4 25. b3 cxb3 26. Bxb3 Rc8 27.
Kf2 a5 28. a4 bxa4 29. Bxa4 h5 30. Bb3 Ra8 31. Ra1 d3 32. Rd1 a4 33. Ba2 dxc2
34. Rc1 Rc8 35. Bb1 cxb1=Q 36. Rxb1 a3 0-1

[Event "17. Torneo San Viator 2011"]
[Site "Madrid ESP"]
[Date "2011.11.06"]
[Round "8.14"]
[White "Martin Garcia, Francisco Javier"]
[Black "Navarro Gonzalez, Jaime"]
[Result "0-1"]
[WhiteElo "1595"]
[BlackElo "1800"]
[PlyCount "38"]
[EventDate "2011.09.25"]
[EventType "swiss"]
[EventRounds "9"]
[EventCountry "ESP"]
[Source "lmi"]
[SourceDate "2011.09.25"]

1. d4 Nf6 2. c4 c5 3. d5 b5 4. cxb5 a6 5. bxa6 Bxa6 6. Nc3 g6 7. e4 Bxf1 8.
Kxf1 d6 9. g3 Bg7 10. Kg2 O-O 11. Nf3 Nbd7 12. h3 Qb6 13. Re1 Ne8 14. Qc2 Nc7
15. b3 Nb5 16. Bb2 Nd4 17. Nxd4 cxd4 18. Na4 Qb4 19. Ba3 Qxa3 0-1

[Event "17. Torneo San Viator 2011"]
[Site "Madrid ESP"]
[Date "2011.11.06"]
[Round "8.15"]
[White "Moreno Zamora, Gregorio"]
[Black "Perez Mondejar, Adler"]
[Result "1-0"]
[WhiteElo "1773"]
[BlackElo "1398"]
[PlyCount "93"]
[EventDate "2011.09.25"]
[EventType "swiss"]
[EventRounds "9"]
[EventCountry "ESP"]
[Source "lmi"]
[SourceDate "2011.09.25"]

1. e4 c5 2. Nf3 d6 3. d4 cxd4 4. Nxd4 Nf6 5. Nc3 a6 6. Bc4 b5 7. Bb3 e6 8. f3
Be7 9. Be3 O-O 10. Qd2 Bb7 11. Bxe6 fxe6 12. Nxe6 Qc8 13. Nxf8 Qxf8 14. g4 Ne8
15. Qe2 Bf6 16. h4 d5 17. Bd2 dxe4 18. fxe4 Be5 19. O-O-O Bxc3 20. Bxc3 Qf4+
21. Kb1 Qxe4 22. Qxe4 Bxe4 23. Rhe1 Bg6 24. Rd8 Kf8 25. h5 Bf7 26. Bb4+ Kg8 27.
Bd6 Ra7 28. Bxb8 Rb7 29. Bd6 g6 30. h6 Rb6 31. b3 Rxd6 32. Rexe8+ Bxe8 33. Rxd6
a5 34. Ra6 a4 35. Ra7 axb3 36. axb3 g5 37. c4 bxc4 38. bxc4 Bg6+ 39. Kb2 Kf8
40. Kb3 Ke8 41. Kb4 Kd8 42. Rg7 Be4 43. c5 Kc8 44. Ka5 Kb8 45. Kb6 Kc8 46. c6
Bd3 47. Rg8# 1-0

[Event "17. Torneo San Viator 2011"]
[Site "Madrid ESP"]
[Date "2011.11.06"]
[Round "8.16"]
[White "Rodriguez Alonso, Marcos"]
[Black "Soto Martin, Pablo"]
[Result "0-1"]
[WhiteElo "1540"]
[BlackElo "1641"]
[PlyCount "44"]
[EventDate "2011.09.25"]
[EventType "swiss"]
[EventRounds "9"]
[EventCountry "ESP"]
[Source "lmi"]
[SourceDate "2011.09.25"]

1. e4 e5 2. Nf3 Nc6 3. Bc4 Bc5 4. d3 d6 5. h3 h6 6. Nc3 Nf6 7. O-O g5 8. Nh2 g4
9. hxg4 Rg8 10. Bxh6 Nxg4 11. Qf3 Nxh6 12. Nd5 Rg6 13. Ne3 Bxe3 14. fxe3 Na5
15. c3 Nxc4 16. dxc4 Be6 17. b3 Qh4 18. Rf2 O-O-O 19. Qe2 Rh8 20. Rf3 Nf5 21.
g4 Ne7 22. Qf2 Rxg4+ 0-1

[Event "17. Torneo San Viator 2011"]
[Site "Madrid ESP"]
[Date "2011.11.06"]
[Round "8.17"]
[White "Sarabia Utrilla, Joaquin"]
[Black "Garcia Alonso, David"]
[Result "1/2-1/2"]
[WhiteElo "1816"]
[BlackElo "1549"]
[PlyCount "111"]
[EventDate "2011.09.25"]
[EventType "swiss"]
[EventRounds "9"]
[EventCountry "ESP"]
[Source "lmi"]
[SourceDate "2011.09.25"]

1. d4 Nf6 2. c4 g6 3. Nc3 Bg7 4. e4 d6 5. f4 c5 6. d5 O-O 7. Nf3 e6 8. Bd3 exd5
9. cxd5 Re8 10. O-O a6 11. Re1 b5 12. a3 Bb7 13. Bc2 Nbd7 14. e5 dxe5 15. fxe5
Ng4 16. e6 fxe6 17. dxe6 Bxf3 18. Qxf3 Bd4+ 19. Be3 Bxe3+ 20. Rxe3 Nde5 21.
Rxe5 Nxe5 22. Qg3 Rxe6 23. Re1 Qd4+ 24. Kh1 Rf8 25. Be4 Ref6 26. h4 Rf1+ 27.
Rxf1 Rxf1+ 28. Kh2 Qg1+ 29. Kh3 Qh1+ 30. Qh2 Qxh2+ 31. Kxh2 b4 32. axb4 cxb4
33. Nd5 b3 34. Nc7 a5 35. Bd5+ Kg7 36. Bxb3 Rb1 37. Ne6+ Kf6 38. Ng5 h5 39.
Ne4+ Ke7 40. Kg3 Rxb2 41. Bd1 Rb8 42. Kf4 Nd3+ 43. Kg5 Ne5 44. Kf4 Nd3+ 45. Kg5
Rb5+ 46. Kxg6 Nf4+ 47. Kh6 Nxg2 48. Bxh5 Rxh5+ 49. Kxh5 Nxh4 50. Kxh4 a4 51.
Nc3 a3 52. Kg4 Kd7 53. Kf4 Kc6 54. Ke4 Kc5 55. Kd3 Kb4 56. Kc2 1/2-1/2